Forward guidance v menovej politike a jeho vplyv na vývoj akciových trhov diplomová práca

Guardado en:
Detalles Bibliográficos
Autor principal: Hulin, Adam
Autor Corporativo: Národohospodárska fakulta EU. Katedra financií
Otros Autores: Kotlebová, Jana, 1969-
Formato: Libro
Lenguaje:eslovaco
Publicado: Bratislava 2018
Etiquetas: Agregar Etiqueta
Sin Etiquetas, Sea el primero en etiquetar este registro!

MARC

LEADER 00000nbm a2200000 4500
001 0244224
005 20181114102945.1
041 0 |a slo 
044 |a SK 
245 1 0 |a Forward guidance v menovej politike a jeho vplyv na vývoj akciových trhov  |b diplomová práca  |c Adam Hulin ; školiteľ: Jana Kotlebová 
264 1 |a Bratislava  |c 2018 
300 |a 78 s. 
100 1 |a Hulin, Adam 
700 1 |a Kotlebová, Jana, 1969- 
710 2 |a Národohospodárska fakulta EU. Katedra financií